00210 a2200109 4500001000700000020000600007040001100013100002000024240002600044245002100070362000900091169851 a  cMagnum aRogers, Carl R.10aTornar-se pessoalpor10aTornar-se pessoa0 a1899